000 00793nam a2200241Ia 4500
003 OSt
005 20220925212809.0
006 a|||||r|||| 00| 0
007 ta
008 220923b |||||||| |||| 00| 0 eng d
020 _a9789380601724
_c424.14999999999998
037 _b45836, 29/12/2015, Segment Book Distributors
_cGeneral Book
040 _aRTL
_cRTL
_beng
041 _2eng
_aeng
082 _aY9(NW)xN41, Q5
100 _aGANGULY Suranjan
_9277301
245 0 _aFilms of adoor Gopalakrishnan
_b A cinema of emancipation
260 _aLondon
_bAnthem Press
_c2015
300 _axii, 166p
_ccm.
650 _aSociology
942 _hY9(NW)xN41, Q5
_cGB
_2CC
999 _c561191
_d561191